000 01217nam0a22002651 4500
001 rc\3547979
005 20260407014328.0
021 _aRU
_bРг7272-75
021 _aRU
_b75-30294
035 _a(NLR Aleph) 007636403
090 _a6078672
_c6078672
100 _a20130115g19741975|||y0rusy50 ca
101 0 _arus
102 _aRU
105 _aa z |||||
200 1 _aВременная инструкция по применению облегченных крепей в условиях сильно трещиноватых пород зоны многолетней мерзлоты
_e[Утв. объединением "Северовостокзолото" 12/II 1975 г.]
_fМ-во высш. и сред. спец. образ. РСФСР. Дальневост. политехн. ин-т им. В.В. Куйбышева
210 _aВладивосток
_cБ. и.
_d1974 (обл. 1975)
215 _a42 с.
_cил.
_d20
320 _aБиблиогр.: с. 40-41
712 0 2 _a"Северовостокзолото", объединение
_cМагадан
_3RU\NLR\AUTH\8810002638
_9502501
801 0 _aRU
_bNLR
_gpsbo
801 1 _aRU
_bELAR
_2rusmarc
852 _aNLR
_j75-4/3567
942 _cBOOK
980 _aNB